MARC details
| 000 -LEADER |
| fixed length control field |
01995nam a2200301 4500 |
| 008 - FIXED-LENGTH DATA ELEMENTS--GENERAL INFORMATION |
| fixed length control field |
s2004 be fre u |
| 020 ## - INTERNATIONAL STANDARD BOOK NUMBER |
| International Standard Book Number |
2804123642 |
| 020 ## - INTERNATIONAL STANDARD BOOK NUMBER |
| International Standard Book Number |
9782804123642 |
| 022 ## - INTERNATIONAL STANDARD SERIAL NUMBER |
| International Standard Serial Number |
1373-0231 |
| 040 ## - CATALOGING SOURCE |
| Original cataloging agency |
LB-BrCRDP |
| 082 1# - DEWEY DECIMAL CLASSIFICATION NUMBER |
| Classification number |
371.3 |
| Item number |
VAN |
| 100 1# - MAIN ENTRY--PERSONAL NAME |
| Personal name |
Van Der Maren, Jean-Marie |
| 245 10 - TITLE STATEMENT |
| Title |
Méthodes de recherche pour l'éducation |
| Statement of responsibility, etc. |
Jean-Marie Van Der Maren |
| 250 ## - EDITION STATEMENT |
| Edition statement |
2e éd. |
| 260 ## - PUBLICATION, DISTRIBUTION, ETC. |
| Place of publication, distribution, etc. |
Bruxelles |
| Name of publisher, distributor, etc. |
De Boeck |
| Date of publication, distribution, etc. |
2004 |
| 300 ## - PHYSICAL DESCRIPTION |
| Extent |
502 p. |
| Dimensions |
24 cm |
| 500 ## - GENERAL NOTE |
| General note |
Table des matières, conclusion, bibliographie. |
| 520 ## - SUMMARY, ETC. |
| Summary, etc. |
Le présent ouvrage est un essai critique sur les méthodes de recherche en éducation.Outil d'analyse précis et systématique de la recherche dans ce domaine, il est composé de quatre parties. La première est épistémologique : les concepts définissant les sciences de l'éducation sont discutés en profondeur. La deuxième est une description encyclopédique des grandes méthodes de recherche en pédagogie. La troisième décrit de façon technique le processus allant de la collecte des informations à leur mise en forme définitive.La quatrième se focalise sur la recherche inductive et propose des pistes sur l'interprétation des résultats et la validation des hypothèses. Méthodes de recherche pour l'éducation est issu d'une réflexion ouverte et nous contraint, en finale, à jeter les bases d'une méthode de recherche pluridisciplinaire où l'on se sent devenir soi-même un penseur et un créateur libre. Les étudiants des deuxième et troisième cycles ainsi que les chercheurs en éducation trouveront dans cet ouvrage un itinéraire stimulant de même qu'une critique parfois très franche de ce qui se fait aujourd'hui en recherche éducationnelle. |
| 650 4# - SUBJECT ADDED ENTRY--TOPICAL TERM |
| Topical term or geographic name entry element |
Epistémologie |
| 650 4# - SUBJECT ADDED ENTRY--TOPICAL TERM |
| Topical term or geographic name entry element |
Education |
| 650 4# - SUBJECT ADDED ENTRY--TOPICAL TERM |
| Topical term or geographic name entry element |
Savoir |
| 650 4# - SUBJECT ADDED ENTRY--TOPICAL TERM |
| Topical term or geographic name entry element |
Recherche |
| 650 4# - SUBJECT ADDED ENTRY--TOPICAL TERM |
| Topical term or geographic name entry element |
Méthodologie |
| 650 4# - SUBJECT ADDED ENTRY--TOPICAL TERM |
| Topical term or geographic name entry element |
Simulation |
| 650 4# - SUBJECT ADDED ENTRY--TOPICAL TERM |
| Topical term or geographic name entry element |
Observation |
| 942 ## - ADDED ENTRY ELEMENTS (KOHA) |
| Koha item type |
Books |